Представление документа в формате MARC21

Поле Инд. ПП Название Значение
Тип записи a
Библиографический уровень a
001 Контрольный номер RU/IS/BASE/134563690
005 Дата корректировки 20240116095757.7
084 a Индекс другой классификации/Индекс ББК 63.3(2)4-7; 63.51(2=Рус); 37.23г(2); 37.24г(2)
090 00 a Полочн. индекс 63.5(2=Рус)
x Авторский знак Р 893
100 10 a Автор Шмелева М. Н.
245 00 a Заглавие Русская одежда
650 04 a Основная рубрика исторические науки
a Основная рубрика этнология (этнография)
653 00 a Ключевые слова XIII век
a Ключевые слова XIV век
a Ключевые слова XIX век
a Ключевые слова XV век
a Ключевые слова XVI век
a Ключевые слова XVII век
a Ключевые слова XVIII век
a Ключевые слова верхняя одежда
a Ключевые слова головные уборы
a Ключевые слова городское население
a Ключевые слова Древняя Русь
a Ключевые слова женская одежда
a Ключевые слова история
a Ключевые слова история одежды
a Ключевые слова крестьянство
a Ключевые слова купечество
a Ключевые слова легкая промышленность
a Ключевые слова мужская одежда
a Ключевые слова новое время
a Ключевые слова обувь
a Ключевые слова одежда
a Ключевые слова Россия
a Ключевые слова русская одежда
a Ключевые слова русские
a Ключевые слова сельское население
a Ключевые слова сословия
a Ключевые слова социальная дифференциация
a Ключевые слова средние века
a Ключевые слова ткани
a Ключевые слова ткачество
a Ключевые слова традиции
a Ключевые слова традиционная одежда
773 00 d Дата издания источника Москва, 1999
g Прочая информация С. 316-353
t Заглавие источника Русские
w Контрольный № источника RU/IS/BASE/102094566
901 t Тип документа a